Biblioteca

Aspectos de la cultura material de grupos etnicos de Colombia / Ministerio de Gobierno, Instituto Lingüístico de Verano (Registro nro. 40716)

Detalles MARC
000 -LÍDER
Campo fijo de descripción fija 003730000a22001210004500
041 0# - CÓDIGO DE IDIOMA
Código de idioma para texto/pista de sonido o título separado
082 04 - NÚMERO DE CLASIFICACIÓN DECIMAL DEWEY
Número de clasificación G 986.1 I5974a
001 - NÚMERO DE CONTROL
Campo de control 11402
110 1# - ASIENTO PRINCIPAL--NOMBRE CORPORATIVO
Nombre corporativo o de jurisdicción como elemento de entrada Instituto Lingüístico de Verano
245 10 - TÍTULO
Título del Material Aspectos de la cultura material de grupos etnicos de Colombia / Ministerio de Gobierno, Instituto Lingüístico de Verano
260 ## - PUBLICACIÓN, DISTRIBUCIÓN, ETC. (PIE DE IMPRENTA)
Lugar de publicación, distribución, etc. Meta, Colombia : Townsend
942 ## - TIPO DE MATERIAL (KOHA)
Tipo de Item KOHA Libros General
Existencias
Estado de Material Estado de Perdido Estado de Dañado No para Préstamo Colección Tomo Biblioteca de Origen Biblioteca Permanente Fecha de Adquisición Total de Préstamos Signatura Topográfica Código de Barras Última vez visto Ejemplar/Existencia Fecha de Remplazo Tipo de Material
        Colección General 1 Biblioteca FUSBC Biblioteca FUSBC 27/01/2005   G 986.1 I5974a 11010 12/12/2019 1 26/01/2016 Libros General
        Colección General 2 Biblioteca FUSBC Biblioteca FUSBC 27/01/2005   G 986.1 I5974a 11011 12/12/2019 1 26/01/2016 Libros General

Biblioteca FUSBC | Teléfono: (57+4) 349 88 10 Ext. 141| WhatsApp (+57) 3005338115 
E-mail: biblioteca@unisbc.edu.co | Calle 76 87-14 Robledo Palenque, Medellín, Colombia

Con tecnología Koha